| 000 | 00856cam a2200217 4500 | ||
|---|---|---|---|
| 001 | WB3732-44 | ||
| 008 | 010821n2001 000 0 eng u | ||
| 035 | _a(Sirsi) u114240 | ||
| 245 | _aUrban Task Force recommendations | ||
| 260 | _c2001 | ||
| 490 |
_aUrban Environment Today _v(128) 16 August 2001, 1(1) |
||
| 520 | _aGovernment has admitted it has not yet delivered around 40 of the recommendations put forward by the Urban Task Force in 1999. At a meeting with leading members of the Task Force ministers said they would make a statement in autumn 2001 confirming government's commitment to delivering on the urban renaissance. | ||
| 590 | _aWB | ||
| 650 | _aURBAN TASK FORCE | ||
| 650 | _aGOVERNMENT | ||
| 650 | _aPUBLIC SERVICES | ||
| 650 | _aURBAN REGENERATION | ||
| 650 | _aURBAN ENVIRONMENT | ||
| 690 | _aREGENERATION | ||
| 942 | _n0 | ||
| 999 |
_c68053 _d68053 |
||